000 00303nam a2200133Ia 4500
008 090707b ii f a fnsan d
100 _aSahni, Balraj
_917609
245 _aMera pakistani safarnama
260 _aDelhi
260 _bArsee Publishers
260 _c2000
300 _a216p.
942 _cBK
999 _c19587
_d19587